| 000 | 00589cam a22002171 4500 | ||
|---|---|---|---|
| 001 | ne 66000725 | ||
| 003 | DLC | ||
| 005 | 20260227111822.0 | ||
| 008 | 890407s1965 xx a 000 0 ara | ||
| 010 | _ane 66000725 | ||
| 035 | _a(OCoLC)23523484 | ||
| 040 |
_aDLC _cMiU _dDLC |
||
| 042 | _apremarc | ||
| 050 | 0 | 0 |
_aLB2805 _b.M83 1965 |
| 100 | 1 | _aMuṣṭafā, Ḥasan Muḥammad. | |
| 245 | 1 | 0 | _aIttijāhāt jadīdah fī al-idārah al-madrasīyah. |
| 260 | _c[1965] | ||
| 300 |
_a11, 487 p. _billus. _c23 cm. |
||
| 500 | _aRomanized. | ||
| 650 | 0 | _aSchool management and organization | |
| 999 |
_c48800 _d48800 |
||